Statistics for The Ultimate Football(Soccer) Quiz #1.

Click here to take the quiz!

General Stats

  • This quiz has been taken 289 times
    (263 since last reset)
  • The average score is 5 of 15

Answer Stats

QuestionAnswer% Correct
2.Who as of January 2015 is the all time leading goalscorer in the Champions league?Lionel Messi
89%
3.In What Year was The Very First World Cup held?1930
75%
1.Who is The Only Goalkeeper To Win the Ballon d'or?Lev Yashin
69%
15.Who Has Scored the Most Goals in World Cup History?Miroslav Klose
55%
14.Which Country has Won the Most Copa Américas?Uruguay
48%
12.Which Player Famously Assaulted a Spectator in 1995?Eric Cantona
45%
8.Which Country has Won the Most African Cup of Nations?Egypt
38%
13.Who Were the Only Host Nation to Be Knocked Out at The Group Stage of the World Cup?South Africa
38%
11.Which French Club has Won the Most League Titles?Saint-Etienne
17%
6.Who Were the First team to win the 'Treble'?Santos
9%
7.Who Were The First Country to Win The UEFA European Championship?Soviet Union
9%
4.Who has The Most International Caps in History?Ahmed Hassan
3%
5.Which Club has Won the most CONCACAF Champions Leagues?Cruz Azul
3%
9.Which Manager has Won the Most World Cups?Vittorio Pozzo
3%
10.Who Scored the First ever Hat-trick in The Champions League?Juul Ellerman
0%

Score Distribution

Percentile by Number Answered

Percent of People with Each Score

Your Score History

You have not taken this quiz since the last reset